000 00892nam a2200301 i 4500
003 EG-GICUC
005 20260305142923.0
008 260305s1943 enk||||fr|||| 00| 0 eng d
040 _aEG-GiCUC
_beng
_cEG-GiCUC
_dEG-GiCUC
_erda
041 _aeng
082 0 4 _221
_a341.68
_bLA.R
092 0 4 _221
099 _aLaw1 11 341.68 LA.R 1943
100 1 _aLaski , Harold J.
_eAuthor.
245 _aReflections on the Revolution of Our Time /
_c Harold J. Laski .
264 _aLondon :
_bGeorge Allen & Unwin Ltd ,
_c1943.
300 _a367 pages ,
_c24 cm
336 _2rda content
_atext
337 _2rda media
_aComputer
338 _2rda carrier
_aOnline Resource
546 _aText in English
650 1 _aCivil War
650 1 _aInternational Law
651 1 _2qrmak
856 4 0 _uhttps://fll.law.cu.edu.eg/fulltext/bks/B11-08703.pdf
905 _a60
942 _2ddc
_cBK
_e21
_n0
999 _c65000
_d65000